000 00537nam a2200145 4500
999 _c16007
_d16007
008 210204b ||||| |||| 00| 0 eng d
022 _a0732-8435
082 _aDPer 657.05 C33 Feb - Aug 2012, v. 82
100 _aMittleman, Irwin.
_942921
245 _aSales taxation of services:
_ba look at New York, New Jersey, and Florida/
_cIrwin Mittleman.
260 _aNew York:
_bThe New York State Society of CPA,
_c©2012.
300 _av82 n6, pages 46-47:
_bcolor illustration;
_c28 cm.
650 _aTaxation.
_942922
942 _2ddc
_cPER